| 000 | 00444nam a2200193Ia 4500 | ||
|---|---|---|---|
| 008 | 240510s9999 xx 000 0 und d | ||
| 020 | _a0000412448904 | ||
| 041 | _aEng | ||
| 082 | _a519.2 | ||
| 082 | _bC54 | ||
| 100 | _aCOLLET, D. | ||
| 245 | 0 | _aMODELLING SURVIVAL DATA IN MEDICAL RESEARCH | |
| 260 | _bLONDON : CHAPMAN HALL | ||
| 260 | _c1994 | ||
| 300 | _a347 p. | ||
| 650 | _aMEDICAL STATISTICS | ||
| 942 | _2ddc | ||
| 942 | _cRBK | ||
| 999 |
_c25325 _d25325 |
||
| 945 |
_a1 _bMadushi Gamage _c1 _dMadushi Gamage |
||